000 00412nam a2200169Ia 4500
008 230524s9999 xx 000 0 und d
020 _a8121918057
082 _a658.3
_bSHE
100 _aA M Sheikh
245 0 _aHuman Resource Development & Management
250 _a3RD
260 _aNEW DELHI
_bS.Chand
_c2008
300 _aVII;376
500 _aQuantity Number: 7
650 _aManagement
942 _cBK
999 _c41679
_d41679